| Tag |
First Indicator |
Second Indicator |
Subfields |
| LEADER |
00000cam a2200000Mi 4500 |
| 001 |
in00004535913 |
| 005 |
20231215224834.6 |
| 006 |
m o d |
| 007 |
cr cn||||||||| |
| 008 |
230422s2024 paua ob 000 0 eng d |
| 020 |
|
|
|z 0323847617
|q (paperback)
|
| 020 |
|
|
|z 9780323847612
|q (paperback)
|
| 020 |
|
|
|a 0323847633
|q (electronic book)
|
| 020 |
|
|
|a 9780323847636
|q (electronic book)
|
| 020 |
|
|
|a 0323847625
|q (electronic book)
|
| 020 |
|
|
|a 9780323847629
|q (electronic book)
|
| 035 |
|
|
|a (OCoLC)on1376757689
|
| 035 |
|
|
|a (OCoLC)1376757689
|
| 040 |
|
|
|a YDX
|b eng
|e rda
|e pn
|c YDX
|d NUI
|d OCLCO
|d USU
|d OCLCF
|d OCLCQ
|d INM
|d OCLCO
|
| 060 |
|
4 |
|a WL 141
|b S635n 2024eb
|
| 245 |
0 |
0 |
|a Neuroradiology :
|b key differential diagnoses and clinical questions /
|c Juan E. Small, Pamela W. Schaefer, Asha Sarma, Paul M. Bunch.
|
| 250 |
|
|
|a Second edition.
|
| 264 |
|
1 |
|a Philadelphia :
|b Elsevier,
|c [2024]
|
| 264 |
|
4 |
|c ©2024
|
| 300 |
|
|
|a 1 online resource :
|b illustrations
|
| 336 |
|
|
|a text
|b txt
|2 rdacontent
|
| 337 |
|
|
|a computer
|b c
|2 rdamedia
|
| 338 |
|
|
|a online resource
|b cr
|2 rdacarrier
|
| 504 |
|
|
|a Includes bibliographic references.
|
| 520 |
|
|
|a Make efficient, accurate diagnoses and prepare for imaging exams with a multitude of differential diagnoses accompanied by hundreds of high-quality, unknown cases in neuroradiology. Neuroradiology: Key Differential Diagnoses and Clinical Questions, 2nd Edition, helps you master the skills you need for interpreting imaging of the head, neck, brain and spine for adults and children.
|
| 650 |
|
0 |
|a Nervous system
|x Radiography.
|
| 650 |
|
0 |
|a Nervous system
|x Radiography
|v Case studies.
|
| 650 |
|
0 |
|a Diagnosis, Differential
|v Case studies.
|
| 650 |
|
0 |
|a Radiography.
|
| 650 |
|
0 |
|a Diagnosis, Differential.
|
| 650 |
|
2 |
|a Diagnostic Techniques, Neurological.
|
| 650 |
|
2 |
|a Nervous System Diseases
|x diagnostic imaging.
|
| 650 |
|
2 |
|a Diagnosis, Differential.
|
| 650 |
|
2 |
|a Neuroradiography
|x methods.
|
| 655 |
|
2 |
|a Case Reports.
|
| 700 |
1 |
|
|a Small, Juan E.,
|e editor.
|
| 700 |
1 |
|
|a Schaefer, Pamela W.,
|e editor.
|
| 700 |
1 |
|
|a Sarma, Asha,
|e editor.
|
| 700 |
1 |
|
|a Bunch, Paul M.,
|e editor.
|
| 856 |
4 |
0 |
|u http://proxy.library.tamu.edu/login?url=https://www.clinicalkey.com/dura/browse/bookChapter/3-s2.0-C20200031610
|z Connect to the full text of this electronic book.
|t 0
|
| 948 |
|
|
|h HELD BY TMV - 111 OTHER HOLDINGS
|
| 994 |
|
|
|a Z0
|b TMV
|
| 999 |
f |
f |
|s 71d2dc1c-7339-35b8-b3ac-66977f1db0be
|i 7c275c52-6520-3fd5-957b-5a80219fa5ac
|t 0
|
| 952 |
f |
f |
|a Texas A&M University
|b College Station
|c Electronic Resources
|d Available Online
|t 0
|e WL 141 S635n 2024eb
|h National Library of Medicine classification
|
| 998 |
f |
f |
|a WL 141 S635n 2024eb
|t 0
|l Available Online
|